<?xml version="1.0" encoding="UTF-8"?>
<collection xmlns="http://www.loc.gov/MARC21/slim">
 <record>
  <leader>01454nam a2200229   4500</leader>
  <controlfield tag="001">1/53566</controlfield>
  <controlfield tag="008">210908s2012    gr            000 0 gre d</controlfield>
  <datafield tag="020" ind1=" " ind2=" ">
   <subfield code="a">9789602729724</subfield>
  </datafield>
  <datafield tag="040" ind1=" " ind2=" ">
   <subfield code="a">GR-PeUP</subfield>
  </datafield>
  <datafield tag="082" ind1="0" ind2="0">
   <subfield code="a">343.0409495 ΦΟΡ</subfield>
  </datafield>
  <datafield tag="100" ind1="1" ind2=" ">
   <subfield code="a">Φορτσάκης, Θεόδωρος Π.</subfield>
  </datafield>
  <datafield tag="245" ind1="0" ind2="0">
   <subfield code="a">Φορολογική νομοθεσία /</subfield>
   <subfield code="c">επιμέλεια Θεόδωρος Π. Φορτσάκης, Ιωάννης Γ. Φωτόπουλος.</subfield>
  </datafield>
  <datafield tag="250" ind1=" " ind2=" ">
   <subfield code="a">6η έκδ.</subfield>
  </datafield>
  <datafield tag="260" ind1=" " ind2=" ">
   <subfield code="a">Αθήνα :</subfield>
   <subfield code="b">Νομική Βιβλιοθήκη,</subfield>
   <subfield code="c">2012.</subfield>
  </datafield>
  <datafield tag="300" ind1=" " ind2=" ">
   <subfield code="a">xvi, 816 σ. ;</subfield>
   <subfield code="c">22 εκ.</subfield>
  </datafield>
  <datafield tag="500" ind1=" " ind2=" ">
   <subfield code="a">Περιέχει ευρετήριο.</subfield>
  </datafield>
  <datafield tag="500" ind1=" " ind2=" ">
   <subfield code="a">Περιλαμβάνει: Φορολογία εισοδήματος (Ν 2238/1994) - Φόρος προστιθέμενης αξίας (Ν2859/2000) - Κώδικας βιβλίων και στοιχείων (ΠΔ 186/1992) - Φορολογία κληρονομιών, δωρεών, γονικών παροχών (Ν2961/2001) - Φορολογία μεταβίβασης ακινήτων (Ν 1587/1950, Ν 1078/1980) - Διοικητικές και ποινικές κυρώσεις (Ν 2523/1997).</subfield>
  </datafield>
  <datafield tag="500" ind1=" " ind2=" ">
   <subfield code="a">Ενημέρωση έως 11.4.2012.</subfield>
  </datafield>
  <datafield tag="650" ind1=" " ind2="4">
   <subfield code="a">Φορολογία</subfield>
   <subfield code="x">Δίκαιο και νομοθεσία.</subfield>
  </datafield>
  <datafield tag="650" ind1=" " ind2="0">
   <subfield code="a">Taxation</subfield>
   <subfield code="x">Law and legislation.</subfield>
  </datafield>
  <datafield tag="852" ind1=" " ind2=" ">
   <subfield code="a">INST</subfield>
   <subfield code="b">UNIPILB</subfield>
   <subfield code="c">MAIN</subfield>
   <subfield code="e">20210908</subfield>
   <subfield code="h">343.0409495 ΦΟΡ</subfield>
   <subfield code="p">00185823</subfield>
   <subfield code="q">00185823</subfield>
   <subfield code="t">LOAN</subfield>
   <subfield code="y">0</subfield>
   <subfield code="4">1</subfield>
  </datafield>
  <datafield tag="960" ind1=" " ind2=" ">
   <subfield code="a">ΑΛΜΠΑΝΗ ΤΑΝΙΑ</subfield>
  </datafield>
 </record>
</collection>
